<?xml version="1.0" encoding="UTF-8"?>
<record
    xmlns:xsi="http://www.w3.org/2001/XMLSchema-instance"
    xsi:schemaLocation="http://www.loc.gov/MARC21/slim http://www.loc.gov/standards/marcxml/schema/MARC21slim.xsd"
    xmlns="http://www.loc.gov/MARC21/slim">

  <leader>00843nam a2200217Ia 4500</leader>
  <controlfield tag="001">12496</controlfield>
  <controlfield tag="003">GE_BSU</controlfield>
  <controlfield tag="008">181216s||||||||xx |||||||||||||| ||und||</controlfield>
  <datafield tag="040" ind1=" " ind2=" ">
    <subfield code="c">GE_BSU</subfield>
  </datafield>
  <datafield tag="080" ind1=" " ind2=" ">
    <subfield code="a">582(083)+581.9</subfield>
  </datafield>
  <datafield tag="100" ind1=" " ind2=" ">
    <subfield code="a">&#x414;&#x43C;&#x438;&#x442;&#x440;&#x438;&#x435;&#x432;&#x430;,&#x410;.&#x410;.</subfield>
  </datafield>
  <datafield tag="245" ind1=" " ind2=" ">
    <subfield code="a">&#x41E;&#x43F;&#x440;&#x435;&#x434;&#x435;&#x43B;&#x438;&#x442;&#x435;&#x43B;&#x44C; &#x440;&#x430;&#x441;&#x442;&#x435;&#x43D;&#x438;&#x438; &#x410;&#x434;&#x436;&#x430;&#x440;&#x438;&#x438;=&#x10D0;&#x10ED;&#x10D0;&#x10E0;&#x10D8;&#x10E1; &#x10DB;&#x10EA;&#x10D4;&#x10DC;&#x10D0;&#x10E0;&#x10D4;&#x10D7;&#x10D0; &#x10E1;&#x10D0;&#x10E0;&#x10D9;&#x10D9;&#x10D5;&#x10D4;&#x10D5;&#x10D8;</subfield>
  </datafield>
  <datafield tag="245" ind1=" " ind2=" ">
    <subfield code="c">&#x41F;&#x43E;&#x434;.&#x440;&#x435;&#x434;.&#x410;.&#x41A;.&#x41C;&#x430;&#x43A;&#x430;&#x448;&#x432;&#x438;&#x43B;&#x438;</subfield>
  </datafield>
  <datafield tag="260" ind1=" " ind2=" ">
    <subfield code="a">&#x422;&#x431;&#x438;&#x43B;&#x438;&#x441;&#x438;</subfield>
  </datafield>
  <datafield tag="260" ind1=" " ind2=" ">
    <subfield code="b">&#x418;&#x437;&#x434;-&#x432;&#x43E; &#x410;&#x41D; &#x413;&#x440;&#x443;&#x437;&#x438;&#x43D;&#x441;&#x43A;&#x43E;&#x439; &#x421;&#x421;&#x420;</subfield>
  </datafield>
  <datafield tag="260" ind1=" " ind2=" ">
    <subfield code="c">1959</subfield>
  </datafield>
  <datafield tag="300" ind1=" " ind2=" ">
    <subfield code="a">446&#x441;&#x442;&#x440;.26&#x441;&#x43C;.</subfield>
  </datafield>
  <datafield tag="300" ind1=" " ind2=" ">
    <subfield code="e">&#x422;&#x430;&#x431;&#x43B;&#x438;&#x446;&#x44B; &#x441;.5-28. &#x443;&#x43A;&#x430;&#x437;&#x430;&#x442;&#x435;&#x43B;&#x44C; &#x440;&#x443;&#x441;&#x441;&#x43A;&#x438;&#x445; &#x43D;&#x430;&#x437;&#x432;&#x430;&#x43D;&#x438;&#x438; &#x441;.429.&#x423;&#x43A;&#x430;&#x437;&#x430;&#x442;&#x435;&#x43B;&#x44C; &#x43B;&#x430;&#x442;&#x438;&#x43D;&#x441;&#x43A;&#x438;&#x445; &#x43D;&#x430;&#x437;&#x432;&#x430;&#x43D;&#x438;&#x438; &#x441;.438</subfield>
  </datafield>
  <datafield tag="653" ind1=" " ind2=" ">
    <subfield code="a">&#x41E;&#x43F;&#x440;&#x435;&#x434;&#x435;&#x43B;&#x438;&#x442;&#x435;&#x43B;&#x44C; &#x440;&#x430;&#x441;&#x442;&#x435;&#x43D;&#x438;&#x438; &#x410;&#x434;&#x436;&#x430;&#x440;&#x438;&#x438;</subfield>
  </datafield>
  <datafield tag="942" ind1=" " ind2=" ">
    <subfield code="c">BK</subfield>
  </datafield>
  <datafield tag="999" ind1=" " ind2=" ">
    <subfield code="c">45670</subfield>
    <subfield code="d">45670</subfield>
  </datafield>
  <datafield tag="952" ind1=" " ind2=" ">
    <subfield code="0">0</subfield>
    <subfield code="1">0</subfield>
    <subfield code="4">0</subfield>
    <subfield code="7">0</subfield>
    <subfield code="9">59804</subfield>
    <subfield code="d">2018-12-17</subfield>
    <subfield code="p">20538</subfield>
    <subfield code="r">2018-12-17</subfield>
    <subfield code="w">2018-12-17</subfield>
    <subfield code="y">BK</subfield>
  </datafield>
</record>
